000 00301nam a2200133Ia 4500
008 231129s1970||||xx |||||||||||||| ||spa||
040 _bspa
082 _aM863.44 S765c
100 _aSpota Luis
245 0 _aLa carcajada del gato
260 _c1970
264 _aJoaquin Mortiz
942 _2ddc
_cBKS
999 _c16555
_d16555